| 000 | 00766nam a22002177a 4500 | ||
|---|---|---|---|
| 005 | 20230831111052.0 | ||
| 010 | _aHIN-125727 | ||
| 020 |
_c300.00 _a9788195916252 |
||
| 035 | _aHN-98073 | ||
| 037 | _bDBAD/PUB | ||
| 082 | _a821 | ||
| 100 |
_aप्रसाद, ललन _955651 |
||
| 245 |
_aग़ज़ल -गीत संगम / _cललन प्रसाद |
||
| 260 |
_bकिशोर विद्या निकेतन _c2023 _aवाराणसी |
||
| 270 |
_a बी-2/236 ए - भदैनी _bवाराणसी _e221001 |
||
| 300 |
_a223 पृ. _c22 सेमी(अजिल्द ) |
||
| 650 |
_x _z _955652 |
||
| 650 |
_v _955653 |
||
| 700 | _955533 | ||
| 942 |
_2ddc _cHN _h821 _mप्रसाद |
||
| 999 |
_c197700 _d197700 |
||